Historia de las doctrinas filosóficas en Latinoamérica /

En este libro se consideran las doctrinas filosóficas en Latinoamérica como una realidad histórica, de igual manera se conciben sucesos históricos, la educación, el derecho, la moral y el arte americanos. Algunos de los temas que se abordan van desde los principios más básicos, como la necesidad fil...

Descripción completa

Guardado en:
Detalles Bibliográficos
Autor principal: Larroyo, Francisco (autor)
Formato: Libro
Idioma:Español
Publicado: México : Porrúa, 1968, c1968
Temas:
Etiquetas: Agrega una etiqueta
Sin etiquetas, Sé el primero en etiquetar este registro!

MARC

LEADER 00000nam^a2200000^a^4500
001 000110340
005 20250521000000.0
009 20260310093754.068
037 |a Acervo ITESO - Biblioteca 
041 |a ESP 
082 |a 199. 80  |b LAR 
100 |a Larroyo, Francisco  |e (autor) 
245 1 0 |a Historia de las doctrinas filosóficas en Latinoamérica /  |c F. Larroyo, E. Escobar. 
264 4 |a México :  |b Porrúa,  |c 1968, c1968 
300 |a 256 p. 
336 |a texto  |b txt  |2 rdacontenido 
337 |a sin mediación  |b n  |2 rdamedio 
338 |a volumen  |b nc  |2 rdasoporte 
520 |a En este libro se consideran las doctrinas filosóficas en Latinoamérica como una realidad histórica, de igual manera se conciben sucesos históricos, la educación, el derecho, la moral y el arte americanos. Algunos de los temas que se abordan van desde los principios más básicos, como la necesidad filosófica, la constancia de problemas, el concepto de doctrina, la esencia de la filosofía, además del pensamiento precolombino; las doctrinas de los siglos XVI al XVIII, y de manera más amplia, doctrinas del siglo XIX. 
649 |a XX 
650 |a Filosofía -  |z Latinoamérica -  |x Historia 
650 |a Sociología del Conocimiento -  |z Latinoamérica 
910 |a Fondo Salvador Reynoso Reynoso 
920 |a Impresos - Libros 
930 |a Fondos Especiales 
905 |a 112 
901 |a 0800000520  |b IT2  |c ESP  |u 20250521 
902 |a https://opac.biblio.iteso.mx/vufind/Record/000110340